| 000 | 00348nam a22001571a 4500 | ||
|---|---|---|---|
| 020 | _a9788170281573 | ||
| 082 |
_aH3 _bCHA/S |
||
| 100 | _aChatursen | ||
| 245 |
_aSomnath/ _cby Chatursen |
||
| 260 |
_aNew Delhi: _bRajpal, _c1996. |
||
| 300 | _a396p. | ||
| 650 | _aNovel Hindi | ||
| 650 | _aLiterature Hindi | ||
| 650 | _aLiterature | ||
| 942 | _cBK | ||
| 999 |
_c43056 _d43056 |
||